|
|
|
|
| LEADER |
00000nab a2200000 a 4500 |
| 001 |
vtls000148113 |
| 003 |
SK-MaSNL |
| 005 |
20260305024313.0 |
| 008 |
250422c1983 xo 0 slo |
| 015 |
|
|
|a SNBRB19rr/mm-uuuuu
|
| 035 |
|
|
|a CL0158220
|
| 035 |
|
|
|a urn:nbn:sk:snk-abbc58
|
| 035 |
|
|
|a (urnnbn)urn:nbn:sk:snk:ar-00580s
|
| 035 |
|
|
|a (uuid)e17e9280-c3d2-45d4-9d93-517a30468d3d
|
| 040 |
|
|
|a SNKBUCL
|b slo
|c SNKBUCL
|e AACR2
|
| 041 |
0 |
|
|a slo
|
| 044 |
|
|
|a xo
|c SK
|
| 080 |
|
|
|a 338.24
|2 1981
|
| 080 |
|
|
|a 608
|2 1981
|
| 080 |
|
|
|a 061.2
|2 1981
|
| 100 |
1 |
|
|a Klas, Antonín,
|d 1927-2014
|4 aut
|9 38804
|
| 245 |
1 |
0 |
|a Byť pomocníkom riadiacej sféry
|c Anton Klas
|
| 610 |
2 |
7 |
|a Československá vedecko-technická spoločnosť
|2 snkbucl
|9 440198
|
| 650 |
0 |
7 |
|a národné hospodárstvo
|2 snkbucl
|9 846
|
| 655 |
|
7 |
|a články z novín a časopisov
|2 snkbucl
|9 267496
|
| 773 |
0 |
|
|t Technická práca
|g Roč. 35, č. 4 (1983), s. 84-86
|
| 850 |
|
|
|a Slovenská národná knižnica
|
| 852 |
|
|
|a Slovenská národná knižnica
|
| 954 |
|
|
|a odborná, vedecká literatúra pôvodná (slovenská)
|2 lita
|
| 958 |
|
|
|a article15
|
| 958 |
|
|
|a RK
|
| 958 |
|
|
|a OND
|
| 958 |
|
|
|a EUIPO
|
| 992 |
|
|
|a RBX
|
| 999 |
|
|
|c 3301554
|d 3303484
|